Test de Mémoire Visuelle - Emojis Aléatoires DIFFICILE (24) - Statistiques

Statistiques générales
  • Ce quiz a été pris 5 366 fois
  • Le résultat moyen est 12 sur 24
Réponses sur la Carte
Les réponses sont colorées sur une échelle allant du rouge au vert en fonction du pourcentage des utilisateurs qui les ont devinées à leur premier essai. Vous pouvez retrouver ces pourcentages ci-dessous.
 
Statistiques - réponses
RÉPONSES % Correct
docteur
80%
grenouille
79%
licorne
76%
père noël
76%
montagne
74%
hôtel
72%
stop
67%
tigre
67%
amour
65%
chameau
65%
cochon
64%
crocodile
64%
fenêtre
63%
États-Unis
62%
échelle
61%
gorille
61%
artiste
60%
arc-en-ciel
59%
singe
59%
cactus
57%
chef
57%
chien
57%
57%
éléphant
57%
rose
57%
cheval
56%
couronne
56%
girafe
56%
ballon
55%
serpent
55%
souris
55%
vache
55%
paon
54%
bouche
53%
coccinelle
53%
hache
53%
main
53%
pied
53%
sorcier
52%
bougie
51%
clé
51%
lapin
51%
lit
51%
sparadrap
51%
diamant
50%
mouton
50%
ninja
50%
kangourou
49%
baleine
48%
araignée
47%
chauve-souris
47%
arbre
46%
carotte
46%
poisson
46%
requin
46%
serrure
46%
vague
46%
poulet
45%
raton laveur
45%
tortue
45%
avion
44%
basket-ball
44%
cerise
44%
crayon
44%
parapluie
44%
pomme
44%
raisin
44%
scie
44%
abeille
43%
applaudir
43%
bicyclette
43%
boomerang
43%
courrier
43%
flamant
43%
yeux
43%
canard
42%
os
42%
bulbe
41%
chaise
41%
musique
41%
ciseaux
40%
citrouille
40%
cloche
40%
lune
40%
maïs
40%
oreille
40%
escargot
39%
hélicoptère
39%
caméra
38%
pingouin
38%
bateau
37%
Téléphone
37%
fusée
33%
Aucun quiz correspondant
Distribution des résultats
% des personnes avec chaque résultat
Percentile par nombre de réponses
Votre historique - résultats
Vous n’avez pas pris ce quiz